000 00549nam a2200181 a 4500
001 000043890
005 20201002045029.0
008 140508s1994 sp 001 0 spa d
020 _a8488370075
040 _aDO-SdBNP
_bspa
_cBNPHU
100 1 _aArmiñan, Jaime de
_971784
245 1 0 _aDiario en Blanco y Negro /
_cJaime de Armiñan.
260 _aMadrid :
_bNickel Odeón,
_c1994.
300 _a361 p., [32] p. de lam. ;
_c22 cm.
490 1 _aNickel Odeón presenta
_v7
500 _aIncluye índice
830 0 _aNickel Odeón presenta
_v7
_971785
999 _c43379
_d43379